Deutsche Politiker - Statistiken

Allgemein
  • Dieses Quiz wurde 869 mal gespielt
  • Das Durchschnittsergebnis liegt bei 12 aus 16
Antwortstatistiken
Bildquiz Antwort % Korrekt
Olaf Scholz
99%
Alice Weidel
95%
Markus Söder
93%
Annalena Baerbock
92%
Christian Lindner
92%
Sahra Wagenknecht
92%
Friedrich Merz
87%
Robert Habeck
86%
Björn Höcke
79%
Ricarda Lang
76%
Wolfgang Kubicki
65%
Tino Chrupalla
62%
Bodo Ramelow
44%
Saskia Esken
44%
Daniel Günther
34%
Katharina Schulze
13%
Keine übereinstimmenden Quizze gefunden
Verteilung der Resultate
Anzahl Personen mit jedem Resultat
Perzentil nach korrekt beantworteten Fragen
Ihre Resultats-Entwicklung
Sie haben dieses Quiz noch nicht gespielt